Home zone design guidance launched (Record no. 70630)
[ view plain ]
| 000 -LEADER | |
|---|---|
| fixed length control field | 01100cam a2200229 4500 |
| 001 - CONTROL NUMBER | |
| control field | WB3824-19 |
| 008 - FIXED-LENGTH DATA ELEMENTS--GENERAL INFORMATION | |
| fixed length control field | 020701n2002 000 0 eng u |
| 035 ## - SYSTEM CONTROL NUMBER | |
| System control number | (Sirsi) u118610 |
| 245 ## - TITLE STATEMENT | |
| Title | Home zone design guidance launched |
| 260 ## - PUBLICATION, DISTRIBUTION, ETC. | |
| Date of publication, distribution, etc. | 2002 |
| 490 ## - SERIES STATEMENT | |
| Series statement | DfT News Release |
| Volume/sequential designation | (012) 28 June 2002, (2) |
| 520 ## - SUMMARY, ETC. | |
| Summary, etc. | The Institute of Highway Incorporated Engineers (IHIE) has published new guidance on the planning and design of home zones, residential streets that aim to improve local quality of life by reducing traffic. The "Home zone design guidelines" offer practical advice to all parties involved in the planning, design and implementation of home zones. The guidelines are available from IHIE priced £30.70, t +44(0)20 7823 9093. IHIE at http://www.ihie.org.uk http://www.dft.gov.uk/news/0206/0012.htm |
| 590 ## - LOCAL NOTE (RLIN) | |
| Local note | WB |
| 650 ## - SUBJECT ADDED ENTRY--TOPICAL TERM | |
| Topical term or geographic name entry element | HOME ZONES |
| 650 ## - SUBJECT ADDED ENTRY--TOPICAL TERM | |
| Topical term or geographic name entry element | URBAN DESIGN |
| 650 ## - SUBJECT ADDED ENTRY--TOPICAL TERM | |
| Topical term or geographic name entry element | TRAFFIC CONTROL |
| 650 ## - SUBJECT ADDED ENTRY--TOPICAL TERM | |
| Topical term or geographic name entry element | GUIDANCE |
| 650 ## - SUBJECT ADDED ENTRY--TOPICAL TERM | |
| Topical term or geographic name entry element | INSTITUTE OF HIGHWAY INCORPORATED ENGINEERS |
| 650 ## - SUBJECT ADDED ENTRY--TOPICAL TERM | |
| Topical term or geographic name entry element | RESIDENTIAL STREETS |
| 690 ## - LOCAL SUBJECT ADDED ENTRY--TOPICAL TERM (OCLC, RLIN) | |
| Topical term or geographic name as entry element | Planning and development |
| 9 (RLIN) | 6259 |
| 942 ## - ADDED ENTRY ELEMENTS (KOHA) | |
| Suppress in OPAC | 0 |
| Withdrawn status | Lost status | Source of classification or shelving scheme | Damaged status | Not for loan | Home library | Current library | Shelving location | Date acquired | Total Checkouts | Full call number | Barcode | Date last seen | Copy number | Price effective from | Koha item type |
|---|---|---|---|---|---|---|---|---|---|---|---|---|---|---|---|
| Dewey Decimal Classification | London | London | News article | 01/07/2002 | WB3824-19 | 118610-1001 | 06/08/2019 | 1 | 06/08/2019 | News article |